000 00816nas a2200277 4500
001 BR0303946
003 BR-BrBNA
005 20231205103938.0
007 ta
008 230509b bl.|||p| |||| 00| 00por d
040 _aBR-BrBNA
_bpor
_cBiblioteca Nacional de Agricultura
041 _a(Pt)
072 _aQ70
100 1 _aGatto, E.G.
100 1 _aKawabata, C.Y.
100 1 _aSavastano Júnior, H.
245 1 _aPolpas kraft de Agave sisalina e de Musa cavendishii para reforço de fibrocimento alternativo
650 _aSISAL
650 _aBANANA
650 _aFIBRA VEGETAL
650 _aPOLPA
650 _aCIMENTO
773 0 _tEngenharia Agrícola (Brazil)
_xISSN 0100-6916
_g(May-Aug 2003), v. 23(2) p. 211-220
_wBR0303946
909 _a202311
_bLúcia
_c55
_dLúcia Elande
942 _2AGRIS
_n0
_cANA
999 _c175575
_d175575